01422nam a2200349 i 4500001000300000245034900003260002900352300002800381500002900409504002400438650000900462650001300471650001800484650001500502650002700517655002900544700002400573700002000597700001900617710002700636710008500663020001500748040000800763041000800771080003900779920001800818942000700836008004100843999001700884856009800901952007300999bg00aWater management and hydraulic engineering :bproceedings of the VII International Symposium on Water Management and Hydraulic Engineering, Międzybrodzie Żywieckie, Poland, 10-12.09.2001 /c[edts] S. Bednarczyk, R. Szymkiewicz, Z. Suligowski ; ed. by Faculty of Hydro and Environmental Engineering, Technical University of Gdańsk, Poland. aGdańsk :bIAHR,c2001. a445 s. :bil. ;c24 cm. aStreszcz. ang. przy ref. aBibliogr. przy ref. 9aWoda 9aŚcieki 9aHydrotechnika 9aHydrologia 9aGeologia inżynierska aMateriały konferencyjne1 aBednarczyk, Stefan.1 aSZYMKIEWICZ, R.1 aSULIGOWSKI, Z.0 aPolitechnika Gdańska0 aTechnical University of GdańskbFaculty of Hydro And Environmental Engineering a8390968339 cBPK0 aeng a628.1/.3:556:624.131:626/627](061) a83-909683-3-9 cKS s pl f |000 0 pol  c43070d43070 uhttp://koha.tu.koszalin.pl/cgi-bin/koha/opac-detail.pl?biblionumber=43070yKatalog online BPK 00104071aELBUDbELBUDcbo68136p02017785t628.1/.3 W.W.K.ŚyKS